| 000 | 00458nam a2200181 a 4500 | ||
|---|---|---|---|
| 001 | 3813 | ||
| 003 | CDMR | ||
| 005 | 20130930162220.0 | ||
| 008 | 130130s1974||||||||||||||||||||||||||||d | ||
| 020 | _a8423606643 | ||
| 040 |
_aCDMR _bcat _cCDMR |
||
| 100 | 1 |
_aRevilla, Federico _92696 |
|
| 245 | 1 | 0 |
_aTV, interlocutor imposible ? _cF Revilla |
| 260 |
_aBarcelona _c1974 _bDon Bosco |
||
| 300 |
_a64 p ; _c21 cm |
||
| 490 | 0 |
_aCuadernos Edebé _v6 |
|
| 942 |
_cMON _2udc |
||
| 999 |
_c3813 _d3813 |
||